LEADER 01567nam a2200397Ia 4500
001 EBC437421
003 MiAaPQ
005 20200520144314.0
006 m o d |
007 cr cnu||||||||
008 080926s2008 enkae ob 001 0 eng d
020 |a 9780470740088  |q (electronic bk.) 
020 |z 9780470695166  |q (print) 
035 |a (MiAaPQ)EBC437421 
035 |a (Au-PeEL)EBL437421 
035 |a (CaPaEBR)ebr10301340 
035 |a (CaONFJC)MIL202243 
035 |a (OCoLC)299043659 
040 |a MiAaPQ  |b eng  |e rda  |e pn  |c MiAaPQ  |d MiAaPQ 
050 4 |a TK2331  |b .P97 2008 
100 1 |a Pyrhonen, Juha. 
245 1 0 |a Design of rotating electrical machines  |h [electronic resource] /  |c Juha Pyrhonen, Tapani Jokinen, Valeria Hrabovcova ; translated by Hanna Niemela. 
260 |a Chichester, U.K. :  |b Wiley,  |c 2008. 
300 |a xxv, 512 p. :  |b ill., plans. 
504 |a Includes bibliographical references and index. 
590 |a Electronic reproduction. Ann Arbor, MI : ProQuest, 2018. Available via World Wide Web. Access may be limited to ProQuest affiliated libraries. 
650 0 |a Electric machinery  |x Design and construction. 
650 0 |a Electric generators  |x Design and construction. 
650 0 |a Electric motors  |x Design and construction. 
650 0 |a Rotational motion. 
655 4 |a Electronic books. 
700 1 |a Jokinen, Tapani,  |d 1937- 
700 1 |a Hrabovcova, Valeria. 
710 2 |a ProQuest (Firm) 
797 2 |a ProQuest (Firm) 
856 4 0 |u https://ebookcentral.proquest.com/lib/umtpsnz-ebooks/detail.action?docID=437421  |z Click to View